| 000 | 00406nam a2200145Ia 4500 | ||
|---|---|---|---|
| 008 | 230411s9999 xx 000 0 und d | ||
| 020 | _a978-93-5152-616-2 | ||
| 041 | _aeng | ||
| 082 | _aSO/301/PUR/B09402 | ||
| 100 |
_aPurushothama GS _9178901 |
||
| 245 | _aSociology for Nursing and Health Sciences | ||
| 260 |
_bJaypee Brothers _aNew Delhi _c2015 |
||
| 300 | _a284p | ||
| 999 |
_c158547 _d158547 |
||